Skúmanie alternatívneho riešenia zážihového spaľovacieho motora (Examination alternatively solution petrol combustion engine) [CD-ROM] : Diplomová práca

Na minha lista:
Detalhes bibliográficos
Autor principal: Kovalčík, Miloš, 1984- (Author)
Formato: Manuscrito Livro
Idioma:eslovaco
Publicado em: Bratislava : STU v Bratislave SjF, 2008
Edição:1.vyd.
Assuntos:
Tags: Adicionar Tag
Sem tags, seja o primeiro a adicionar uma tag!

MARC

LEADER 00000ntm a22000003a 4500
001 stu179223
005 20150617230046.2
008 090204s2008----xo------------------slo-d
040 |a STU  |b slo 
041 0 |a slo 
044 |a xo 
100 1 |a Kovalčík, Miloš,  |d 1984-  |4 aut  |u J0030  |9 100  |U SjF Strojnícka fakulta  |T SjF Ústav dopravnej techniky a konštruovania  |X 14475  |U J0030  |Y 806  |7 A000014475 
245 1 |a Skúmanie alternatívneho riešenia zážihového spaľovacieho motora (Examination alternatively solution petrol combustion engine) [CD-ROM] :  |b Diplomová práca 
250 |a 1.vyd. 
260 |a Bratislava :  |b STU v Bratislave SjF,  |c 2008 
300 |a 77 s 
650 7 |a vodík  |2 stusub 
650 7 |a tepelný výpočet  |2 stusub 
650 7 |a Petrol  |2 estusub 
650 7 |a hydrogen  |2 estusub 
996 |b 284J035233  |c J*233/DP  |l JJSK  |s A  |a 24  |w stu179223_0001